| 000 | 00526cam a22002291 4500 | ||
|---|---|---|---|
| 001 | sa 66000130 | ||
| 003 | DLC | ||
| 005 | 20260227112212.0 | ||
| 008 | 940527s1963 ii 000 0 kano | ||
| 010 | _asa 66000130 | ||
| 025 | _aPL480:I-Kan-614 | ||
| 035 | _a(OCoLC)30507539 | ||
| 040 |
_aDLC _cCU _dCU _dDLC |
||
| 042 | _apremarc | ||
| 050 | 0 | 0 |
_aHQ56 _b.V35 |
| 100 | 0 | _aVatsyāyana. | |
| 245 | 1 | 0 | _aKāmalīle. |
| 260 | _c1963. | ||
| 300 |
_a244 p. _c19 cm. |
||
| 500 | _aIn Kannada. | ||
| 650 | 0 | _aSex instruction. | |
| 999 |
_c67048 _d67048 |
||